02005nam a2200325uu 4500001000800000005001700008007001000025008004100035035001200076040001300088041000800101080001000109100005000119245013000169260005400299300001300353520093000366650003201296650002101328650002001349650004501369650002001414650002901434700004901463700004501512700004201557856006001599502001201659526000801671149692720260508092344.0co|||||||180613s2018 spa  a1496927 ccomduadb aspa aTR/CD10aFernández Bolaño, Sandra Milena4auteaut10aEstados emocionales de cuidadores principales de personas con síndrome de down del municipio de Puerto Berrío - Antioquia aPuerto Berrio (Antioquia) :bAutores (as),c2018. a1 CD-ROM3 aEsta investigación tiene como objetivo describir los estados emocionales de los cuidadores principales de personas con Síndrome de Down, asimismo, indagar por las emociones previas a la situación de cuidado y conocer las alteraciones que generan en el desarrollo de las actividades. La población objeto de estudio es una muestra de 10 cuidadores de personas con Síndrome de Down, que fueron seleccionadas desde la base de datos de discapacidad de la Secretaría de Salud del municipio de Puerto Berrío - Antioquia. Para cumplir los anteriores objetivos se consideraron los instrumentos: Escala de carga del Cuidador de Zarit y entrevista semiestructurada, de los cuales se obtuvieron como resultado que el 20% de la población tiene ausencia de sobrecarga, el 35% una sobrecarga ligera y 45% sobrecarga intensa, estos dos últimos generaron afectaciones principalmente en la salud psíquica de los cuidadores. aPuerto Berrío (Antioquia) aSindrome de Down 7aCuidadores2dcs aPersonas con discapacidades - Cuidadoras aClima emocional aEmociones (Psicología)10aSánchez Jaramillo, Maryeli Yoana4auteaut10aAvendaño Ruiz, Leydi Tatiana4auteaut10aCordoba Upegui, Julio Cesar4thseths4 uhttp://bibliotecadigital.udea.edu.co/handle/10495/15526 b105c12 a106